5HLuxD.jpg

KING HENRY VIII SENIOR AND PRIMARY SCHOOL LIBRARY OPAC

The tombs of Atuan / (Record no. 1164)

000 -LEADER
fixed length control field 01333cam a22003737a 4500
001 - CONTROL NUMBER
control field 17877156
003 - CONTROL NUMBER IDENTIFIER
control field OSt
005 - DATE AND TIME OF LATEST TRANSACTION
control field 20220804084846.0
008 - FIXED-LENGTH DATA ELEMENTS--GENERAL INFORMATION
fixed length control field 130905s2012 nyu j 000 1 eng d
010 ## - LIBRARY OF CONGRESS CONTROL NUMBER
LC control number 2013363087
020 ## - INTERNATIONAL STANDARD BOOK NUMBER
International Standard Book Number 9781442459915
035 ## - SYSTEM CONTROL NUMBER
System control number (OCoLC)ocn796931842
040 ## - CATALOGING SOURCE
Original cataloging agency YDXCP
Transcribing agency YDXCP
Modifying agency OPW
-- AZT
-- DLC
-- KH8
042 ## - AUTHENTICATION CODE
Authentication code lccopycat
082 04 - DEWEY DECIMAL CLASSIFICATION NUMBER
Classification number FIC LE
Edition number 23
100 1# - MAIN ENTRY--PERSONAL NAME
Personal name Le Guin, Ursula K.,
Dates associated with a name 1929-2018.
245 14 - TITLE STATEMENT
Title The tombs of Atuan /
Statement of responsibility, etc. Ursula K. Le Guin.
250 ## - EDITION STATEMENT
Edition statement Atheneum Books for Young Readers hardcover ed.
260 ## - PUBLICATION, DISTRIBUTION, ETC.
Place of publication, distribution, etc. New York :
Name of publisher, distributor, etc. Atheneum Books for Young Readers,
Date of publication, distribution, etc. 2012.
300 ## - PHYSICAL DESCRIPTION
Extent xvi, 187 p. ;
Dimensions 22 cm.
490 0# - SERIES STATEMENT
Series statement The Earthsea cycle ;
Volume/sequential designation bk. 2
520 ## - SUMMARY, ETC.
Summary, etc. Arha's isolated existence as high priestess in the tombs of Atuan is jarred by a thief, wizard Ged Sparrowhawk, who seeks a special treasure.
521 1# - TARGET AUDIENCE NOTE
Target audience note Ages 12 up.
521 1# - TARGET AUDIENCE NOTE
Target audience note Ages 12 up.
586 ## - AWARDS NOTE
Awards note Newbery honor book.
650 #0 - SUBJECT ADDED ENTRY--TOPICAL TERM
Topical term or geographic name entry element Women priests
Form subdivision Juvenile fiction.
650 #0 - SUBJECT ADDED ENTRY--TOPICAL TERM
Topical term or geographic name entry element Thieves
Form subdivision Juvenile fiction.
650 #0 - SUBJECT ADDED ENTRY--TOPICAL TERM
Topical term or geographic name entry element Wizards
Form subdivision Juvenile fiction.
650 #0 - SUBJECT ADDED ENTRY--TOPICAL TERM
Topical term or geographic name entry element Tombs
Form subdivision Juvenile fiction.
655 #7 - INDEX TERM--GENRE/FORM
Genre/form data or focus term Fantasy fiction.
Source of term gsafd
906 ## - LOCAL DATA ELEMENT F, LDF (RLIN)
a 7
b cbc
c copycat
d 2
e ncip
f 20
g y-gencatlg
942 ## - ADDED ENTRY ELEMENTS (KOHA)
Source of classification or shelving scheme
Koha item type Books - Fiction
Holdings
Withdrawn status Lost status Source of classification or shelving scheme Damaged status Not for loan Collection code Permanent Location Current Location Shelving location Date acquired Full call number Barcode Date last seen Price effective from Koha item type
          Fiction KH8 Senior School Library KH8 Senior School Library Fiction 2022-08-04 FIC LE 3KHSL000101896 2024-07-17 2022-08-04 Books - Fiction

Powered By KH8 IT Dept